000 00577nam a22001937a 4500
003 OSt
005 20180116183032.0
008 151222b xxu||||| |||| 00| 0 eng d
020 _a05-264-89-1
024 _205-264-89-1
040 _cLahore LUMS
082 _a174.4 LUM 1989
100 _aQureshi Z I
245 _aCONTINENTAL TOBACCO COMPANY: FRONTIER TOWN PLANT (B)
_cQureshi Z I
260 _aLahore LUMS
_b Lahore University of Management Sciences
_c1989
300 _a01
_bPaper
440 _aCONTINENTAL TOBACCO COMPANY: FRONTIER TOWN PLANT (B)
942 _2ddc
_cCS
999 _c351056
_d351056